000 00391nam a2200133Ia 4500
005 20251222143248.0
008 251222s9999||||xx |||||||||||||| ||spa||
020 _a978-612-45930-8-6
082 _a269.298.5/M97
100 _aMurillo López, Onàsimo Julio
245 0 _aJosé de Acosta, S.I. De Christo revelato (1592):
264 _bFacultad de Teología Redemptoris Mater
942 _cLIB
999 _c14829
_d14829